00694 2200253 4500001002100000005001700021008004100038020002200079035002400101040001200125082001800137084001800155090001800173100001600191245005500207260002700262300003600289500003100325504001100356650001900367700002200386850001200408990002000420INLIS00000000000003920140828141028.0  a978-979-29-3927-9 0010-081400000103232 aYOPDYOG aDEP 420 Sut C aDEP 420 Sut C aDEP 420 Sut C aSUTANTO LEO aA challenging book to practice teaching in English aYogyakartabAndic2013 axii, 276 hlm.b: ilus. ;c24 cm aBibliografi : hlm. 259-268 aIndeks aBahasa Inggris aBenedicta Rini W. aYOPDYOG aCB-D.112013-753